00447nam a2200133Ia 4500082002200000100002200022245006100044260005900105300001000164650003900174650003600213650003500249650002900284 a307.7209543 SIN-; aSingh, Rama Yagya 0aMalwa region: rural habitat system, structure and change aVaranasibNational Geographical Society of Indiac1978 a196p. aMalwa Region - Economic conditions aMalwa Region - Rural conditions aRural geography - Malwa Region aSociology - Malwa Region